Alle Ballon DOr Gewinner - Statistiken

Allgemein
  • Dieses Quiz wurde 131 mal gespielt
    5 seit der letzten Aktualisierung
  • Das Durchschnittsergebnis liegt bei 37 aus 69
Antwortstatistiken
Jahr Gewinner % Korrekt
2017 Cristiano Ronaldo
100%
2016 Cristiano Ronaldo
100%
2014 Cristiano Ronaldo
100%
2013 Cristiano Ronaldo
100%
2008 Cristiano Ronaldo
100%
1970 Gerd Müller
100%
2007 Kaka
100%
2022 Karim Benzema
100%
2023 Lionel Messi
100%
2021 Lionel Messi
100%
2019 Lionel Messi
100%
2015 Lionel Messi
100%
2012 Lionel Messi
100%
2011 Lionel Messi
100%
2010 Lionel Messi
100%
2009 Lionel Messi
100%
2018 Luka Modric
100%
1996 Matthias Sammer
100%
2025 Ousmane Dembele
100%
2024 Rodri
100%
2005 Ronaldinho
100%
2002 Ronaldo
100%
1997 Ronaldo
100%
2004 Andriy Shevchenko
75%
1965 Eusebio
75%
2006 Fabio Cannavaro
75%
1976 Franz Beckenbauer
75%
1972 Franz Beckenbauer
75%
1963 Lev Yashin
75%
1999 Rivaldo
75%
1966 Sir Bobby Charlton
75%
1974 Johan Cruyff
50%
1973 Johan Cruyff
50%
1971 Johan Cruyff
50%
1981 Karl-Heinz Rummenigge
50%
1980 Karl-Heinz Rummenigge
50%
1990 Lothar Matthäus
50%
1992 Marco van Basten
50%
1989 Marco van Basten
50%
1988 Marco van Basten
50%
1998 Zinedine Zidane
50%
1959 Alfredo di Stefano
25%
1957 Alfredo di Stefano
25%
1995 George Weah
25%
1991 Jean-Pierre Papin
25%
1960 Luis Suarez
25%
2001 Michael Owen
25%
1985 Michel Platini
25%
1984 Michel Platini
25%
1983 Michel Platini
25%
2003 Pavel Nedved
25%
1958 Raymond Kopa
25%
1993 Roberto Baggio
25%
1977 Allan Simonsen
0%
1964 Denis Law
0%
1967 Florian Albert
0%
1968 George Best
0%
1969 Gianni Rivera
0%
1994 Hristo Stoichkov
0%
1986 Igor Belanov
0%
1962 Josef Masopust
0%
1979 Kevin Keegan
0%
1978 Kevin Keegan
0%
2000 Luis Figo
0%
1975 Oleg Blokhin
0%
1961 Omar Sivori
0%
1982 Paolo Rossi
0%
1987 Ruud Gullit
0%
1956 Sir Stanley Matthews
0%
Keine übereinstimmenden Quizze gefunden
Verteilung der Resultate
Anzahl Personen mit jedem Resultat
Perzentil nach korrekt beantworteten Fragen
Ihre Resultats-Entwicklung
Sie haben dieses Quiz seit der letzten Aktualisierung nicht gespielt